| 000 | 01331nam0a2200325 4500 | ||
|---|---|---|---|
| 001 | RU\NLR\BIBL_A\012101492 | ||
| 005 | 20191025120754.0 | ||
| 010 |
_a978-5-00136-001-8 _910000 |
||
| 021 |
_aRU _bКН-П-19-062203 _9КН-П-19-4447 |
||
| 035 | _a(NLR Aleph) 012101492 | ||
| 035 | _a(RuMoRGB)010073520 | ||
| 090 |
_a11908294 _c11908294 |
||
| 100 | _a20190925d2019 u y0rusy50 ca | ||
| 101 | 0 | _arus | |
| 102 | _aRU | ||
| 105 | _aa|||z|||000zy | ||
| 200 | 1 |
_aЛепка с детьми раннего возраста _e1-3 года _eметодическое пособие для педагогов дошкольных учреждений и родителей _fЕ. А. Янушко |
|
| 210 |
_aМосква _cВладос _d2019 |
||
| 215 |
_a215 с., [4] цв. ил. _cил. _d22 |
||
| 225 | 1 |
_aРазвивающее обучение _eРО |
|
| 333 | _a16+ | ||
| 606 | 1 |
_aДети раннего возраста _xОбучение лепке _jМетодические пособия _2nlr_sh2 _3RU\NLR\AUTH\661432768 |
|
| 610 | 0 | _aлепка в детском саду | |
| 686 | 1 | _aЧ491.31-11я8 | |
| 700 | 1 |
_aЯнушко _bЕ. А. _f1973- _gЕлена Альбиновна |
|
| 942 | _cBOOK | ||
| 980 | _aNBR | ||
| 980 | _aNB | ||